logo

Bir Sreshtho Munshi Abdur Rouf Library
Jhenaidah Cadet College

The mystery of time : (Record no. 8258)

MARC details
000 -LEADER
fixed length control field 00923cam a22003018a 4500
001 - CONTROL NUMBER
JCCL Control Number 8258
003 - CONTROL NUMBER IDENTIFIER
JCCL marc code BD - JhCC
005 - DATE AND TIME OF LATEST TRANSACTION
control field 20191212134008.0
008 - FIXED-LENGTH DATA ELEMENTS--GENERAL INFORMATION
fixed length control field 000517s2000 dcua b 001 0 eng
020 ## - INTERNATIONAL STANDARD BOOK NUMBER
International Standard Book Number 0792279107 (regular)
020 ## - INTERNATIONAL STANDARD BOOK NUMBER
International Standard Book Number 0792279115 (deluxe)
035 ## - SYSTEM CONTROL NUMBER
system control number (BD - JhCC)8258
035 ## - SYSTEM CONTROL NUMBER
system control number (OCoLC)44267944
040 ## - CATALOGING SOURCE
Original cataloging agency DLC
Transcribing agency DLC
Modifying agency UKM
-- JBO
-- MYG
-- BD - JhCC
041 ## - LANGUAGE CODE
Language code of Book eng
050 00 - LIBRARY OF CONGRESS CALL NUMBER
Classification number BD638
Item number .L26 2000
082 00 - DEWEY DECIMAL CLASSIFICATION NUMBER
Classification number 115
DDC Edition number 21
Author mark and Year LAN 2000
100 1# - MAIN ENTRY--PERSONAL NAME
Personal name Langone, John,
Dates associated with a name 1929-2006.
245 14 - TITLE STATEMENT
Title The mystery of time :
Remainder of title humanity's quest for order and measure /
Statement of responsibility, etc John Langone.
260 ## - PUBLICATION, DISTRIBUTION, ETC. (IMPRINT)
Place of publication, distribution, etc Washington, D.C. :
Name of publisher, distributor, etc National Geographic Society,
Date of publication, distribution, etc c2000.
263 ## - PROJECTED PUBLICATION DATE
Projected publication date 0009
300 ## - PHYSICAL DESCRIPTION
Pagination 256 p. :
Other physical details ill. (chiefly col.) ;
Dimensions 29 cm.
504 ## - BIBLIOGRAPHY, ETC. NOTE
Bibliography, etc Includes bibliographical references (p. 251) and index.
650 #0 - SUBJECT ADDED ENTRY--TOPICAL TERM
Topical term or geographic name as entry element Time
General subdivision History.
942 ## - ADDED ENTRY ELEMENTS (KOHA)
Source of classification or shelving scheme Dewey Decimal Classification
Koha item type Books
Koha issues (borrowed), all copies 2
949 ## - LOCAL PROCESSING INFORMATION (OCLC)
a h
p 39080016454412
Holdings
Source of classification or shelving scheme Damaged status Not for loan Home library Current library Shelving location Total Checkouts Full call number Barcode Date last seen Date checked out Copy number Koha item type
Dewey Decimal Classification     JCC Rouf Library JCC Rouf Library General Stacks 1 115 LAN 2000 10808 12/11/2019 12/11/2019 C - 1 Books

JCC Library | Contacts | JCC Home

Last Update on 23 September 2017
Copyright @ 2017-2020 JCC Rouf Library
Rouf Library, Jhenidah Cadet College (JCC), Bangladesh